| 000 | 01089nas a2200361 4500 | ||
|---|---|---|---|
| 001 | BR0403662 | ||
| 003 | BR-BrBNA | ||
| 005 | 20231205104729.0 | ||
| 007 | ta | ||
| 008 | 230509b bl.|||p| |||| 00| 00por d | ||
| 040 |
_aBR-BrBNA _bpor _cBiblioteca Nacional de Agricultura |
||
| 041 | _a(En) | ||
| 072 | _aL72; L73 | ||
| 100 | 1 | _aAzevedo, J.R. de | |
| 100 | 1 | _aMannigel, R.C. | |
| 100 | 1 | _aAgulhon, A.Z. | |
| 100 | 1 | _aBorba, T.R. | |
| 100 | 1 | _aBarbiéri, A.W. | |
| 100 | 1 | _aOliveira, D.C.L. de | |
| 100 | 1 | _aHeadley, S.A. | |
| 100 | 1 | _aJaneiro, V. | |
| 245 | 1 | _aPrevalence and geographical distribution of bovine eurytrematosis in cattle slaughtered in northern Paraná, Brazil | |
| 650 | _aBOVINO | ||
| 650 | _aPARASITO DE ANIMAL | ||
| 650 | _aPARASITOLOGIA | ||
| 650 | _aEPIDEMIOLOGIA | ||
| 650 | _aDISTRIBUIÇÃO GEOGRÁFICA | ||
| 650 | _aABATE | ||
| 650 | _aPARANÁ | ||
| 773 | 0 |
_tPesquisa Veterinária Brasileira (Brazil) _xISSN 0100-736X _g(Jan-Mar 2004), v. 24(1) p. 23-26 _wBR0403662 |
|
| 909 |
_a202311 _bLúcia _c55 _dLúcia Elande |
||
| 942 |
_2AGRIS _n0 _cANA |
||
| 999 |
_c179450 _d179450 |
||